[Event "Oberliga Ost-A 2324"]
[Site "Germany"]
[Date "2024.04.13"]
[Round "10.1"]
[White "Nguyen, Alex Dac Vuong"]
[Black "Zaehringer, Daniel"]
[Result "1-0"]
[WhiteElo "2386"]
[BlackElo "2180"]
[PlyCount "73"]
[EventDate "2023.10.22"]
[EventType "team-tourn"]
[EventRounds "11"]
[EventCountry "GER"]
[SourceTitle "EXT 2025"]
[Source "ChessBase"]
[SourceDate "2024.10.14"]
[SourceVersion "1"]
[SourceVersionDate "2024.10.14"]
[SourceQuality "1"]
[WhiteTeam "Leipzig SG"]
[BlackTeam "Plauen Koenig"]
[WhiteTeamCountry "GER"]
[BlackTeamCountry "GER"]

1. e4 e5 2. Bc4 Nf6 3. d3 c6 4. Nf3 d5 5. Bb3 a5 6. a4 Bb4+ 7. c3 Bd6 8. 0-0 0-0 9. Re1 dxe4 10. dxe4 Qe7 11. Na3 Na6 12. Nc4 Bc7 13. Bc2 Nc5 14. b3 Rd8 15. Qe2 b6 16. Ba3 Ba6 17. b4 Qe6 18. bxc5 Bxc4 19. Ng5 Bxe2 20. Nxe6 fxe6 21. cxb6 Bxb6 22. Rxe2 Rab8 23. Rb1 Kf7 24. g3 Ke8 25. Kg2 Kf7 26. Rb2 Ne8 27. f4 exf4 28. gxf4 g6 29. e5 c5 30. Be4 Nc7 31. Red2 Nd5 32. Kf3 Ke8 33. Bxd5 exd5 34. Rb5 d4 35. cxd4 Rxd4 36. Rxd4 cxd4 37. Bd6 1-0

[Event "Oberliga Ost-A 2324"]
[Site "Germany"]
[Date "2024.03.16"]
[Round "8.1"]
[White "Schuetze, Norman"]
[Black "Zaehringer, Daniel"]
[Result "1/2-1/2"]
[WhiteElo "2285"]
[BlackElo "2175"]
[PlyCount "105"]
[EventDate "2023.10.22"]
[EventType "team-tourn"]
[EventRounds "11"]
[EventCountry "GER"]
[SourceTitle "EXT 2025"]
[Source "ChessBase"]
[SourceDate "2024.10.14"]
[SourceVersion "1"]
[SourceVersionDate "2024.10.14"]
[SourceQuality "1"]
[WhiteTeam "Loeberitz"]
[BlackTeam "Plauen Koenig"]
[WhiteTeamCountry "GER"]
[BlackTeamCountry "GER"]

1. e4 e5 2. Nf3 Nf6 3. Nxe5 d6 4. Nf3 Nxe4 5. Nc3 Nxc3 6. dxc3 Be7 7. Be3 Nd7 8. Qd2 Nf6 9. Bd3 0-0 10. 0-0-0 c5 11. Rhg1 b5 12. g4 Bb7 13. Nh4 c4 14. g5 cxd3 15. gxf6 Bxf6 16. Bh6 Be4 17. cxd3 Bg6 18. Bg5 Re8 19. Nxg6 hxg6 20. h4 Rc8 21. Qf4 Rc5 22. Bxf6 Qxf6 23. Qxf6 gxf6 24. Rg4 Re2 25. Rd2 Re1+ 26. Kc2 Kf8 27. a4 a6 28. axb5 axb5 29. Rf4 Ke7 30. d4 Rc4 31. h5 b4 32. Rh4 bxc3 33. bxc3 gxh5 34. Rxh5 Ke6 35. Kd3 Rc7 36. Rh8 Ke7 37. Ra8 f5 38. Ra6 Rb7 39. Raa2 Kd7 40. Ra5 Ke6 41. Ra6 Ke7 42. Ra3 Ke6 43. c4 Ke7 44. Rc3 Ra7 45. c5 dxc5 46. Rxc5 Ke6 47. Kc4 Rc1+ 48. Kb5 Rb1+ 49. Kc6 Ra6+ 50. Kc7 Ra7+ 51. Kc6 Ra6+ 52. Kc7 Ra7+ 53. Kc6 1/2-1/2

[Event "Oberliga Ost-A 2324"]
[Site "Germany"]
[Date "2023.10.22"]
[Round "1.1"]
[White "Teske, Henrik"]
[Black "Zaehringer, Daniel"]
[Result "1/2-1/2"]
[WhiteElo "2452"]
[BlackElo "2148"]
[PlyCount "155"]
[EventDate "2023.10.22"]
[EventType "team-tourn"]
[EventRounds "11"]
[EventCountry "GER"]
[SourceTitle "EXT 2025"]
[Source "ChessBase"]
[SourceDate "2024.10.14"]
[SourceVersion "1"]
[SourceVersionDate "2024.10.14"]
[SourceQuality "1"]
[WhiteTeam "Erfurt Empor"]
[BlackTeam "Plauen Koenig"]
[WhiteTeamCountry "GER"]
[BlackTeamCountry "GER"]

1. c4 c6 2. Nf3 d5 3. g3 Nf6 4. Bg2 dxc4 5. 0-0 Nbd7 6. a4 a5 7. Na3 Nb6 8. Qc2 Nfd5 9. Nxc4 Nb4 10. Qc3 Nxc4 11. Qxc4 Be6 12. Qc3 Nd5 13. Qc5 Qd6 14. Qxd6 exd6 15. Nd4 Nb4 16. Ra3 Bd7 17. Re3+ Kd8 18. b3 d5 19. Bb2 Bd6 20. Rf3 f6 21. Nf5 Bxf5 22. Rxf5 Re8 23. Bf3 Be5 24. d4 Bd6 25. g4 Kc7 26. h4 Re6 27. g5 g6 28. Rxf6 Rxf6 29. gxf6 Rf8 30. Kg2 Rxf6 31. Rh1 h6 32. Bc1 Bf4 33. e3 Bd6 34. Be2 Bf8 35. Bd2 Kd8 36. Rh3 Ke8 37. Rg3 Kf7 38. f3 Bd6 39. Rh3 Kg7 40. Rh1 Re6 41. Kf2 Be7 42. h5 g5 43. Rg1 Kf8 44. Rg4 Bf6 45. Bf1 b6 46. f4 gxf4 47. Rxf4 Ke7 48. Kf3 Bg5 49. Rf5 Nc2 50. Rxg5 hxg5 51. Bd3 Rf6+ 52. Kg3 Nb4 53. Be2 Kf7 54. e4 dxe4 55. Bxg5 Rd6 56. Bc4+ Nd5 57. Kg4 Kg7 58. Kf5 e3 59. Ke5 Rd7 60. Bd3 Rf7 61. h6+ Kh8 62. Bh4 Nf4 63. Bf5 Ng2 64. Bg3 e2 65. Ke6 Rxf5 66. Kxf5 e1Q 67. Bxe1 Nxe1 68. Ke5 Nc2 69. d5 cxd5 70. Kxd5 Kh7 71. Kc6 Nd4+ 72. Kxb6 Nxb3 73. Kb5 Kxh6 74. Kc4 Nc1 75. Kb5 Nb3 76. Kc4 Nc1 77. Kb5 Nb3 78. Kc4 1/2-1/2

[Event "Innsbruck op 5th"]
[Site "Innsbruck"]
[Date "2021.08.22"]
[Round "2"]
[White "Monninger, Moritz Franz"]
[Black "Zaehringer, Daniel"]
[Result "0-1"]
[WhiteElo "2028"]
[BlackElo "2158"]
[PlyCount "54"]
[EventDate "2021.08.21"]
[EventType "swiss"]
[EventRounds "9"]
[EventCountry "AUT"]
[SourceTitle "CBM 204 Extra"]
[Source "ChessBase"]
[SourceDate "2021.11.30"]
[SourceVersion "1"]
[SourceVersionDate "2021.11.30"]
[SourceQuality "1"]

1. d4 d5 2. c4 e6 3. Nc3 c6 4. cxd5 exd5 5. Bf4 Bd6 6. Bg3 Bf5 7. Qb3 Bxg3 8. hxg3 Qb6 9. e3 Nf6 10. Nf3 h6 11. Be2 Nbd7 12. Nh4 Bh7 13. g4 Qc7 14. g5 hxg5 15. Nf3 0-0-0 16. Kd2 g4 17. Ng5 Bg6 18. Qa3 Kb8 19. Rac1 Rxh1 20. Rxh1 Nb6 21. Qb4 Qd7 22. f4 Ne8 23. Qb3 f6 24. Nh7 Nd6 25. Qd1 Qf5 26. Bxg4 Qd3+ 27. Kc1 Bxh7 0-1

[Event "Oberliga Ost-A 1920"]
[Site "Germany"]
[Date "2021.07.18"]
[Round "11.2"]
[White "Richter, Leonard"]
[Black "Zaehringer, Daniel"]
[Result "1/2-1/2"]
[WhiteElo "2278"]
[BlackElo "2138"]
[PlyCount "81"]
[EventDate "2019.09.29"]
[EventType "team-tourn"]
[EventRounds "11"]
[EventCountry "GER"]
[SourceTitle "EXT 2023"]
[Source "ChessBase"]
[SourceDate "2022.10.05"]
[SourceVersion "1"]
[SourceVersionDate "2022.10.05"]
[SourceQuality "1"]
[WhiteTeam "Leipzig SG"]
[BlackTeam "Plauen Koenig"]
[WhiteTeamCountry "GER"]
[BlackTeamCountry "GER"]

1. e4 e5 2. Nf3 Nf6 3. Nxe5 d6 4. Nf3 Nxe4 5. c4 Nc6 6. Nc3 Nxc3 7. bxc3 Be7 8. d4 0-0 9. Bd3 Re8 10. 0-0 Bg4 11. Rb1 Rb8 12. Be4 Na5 13. h3 Be6 14. d5 Bd7 15. Qd3 h6 16. Nd4 Bf6 17. Bf3 b6 18. Bd1 Bxd4 19. cxd4 Qf6 20. Bc2 g6 21. Qc3 Kg7 22. c5 Bc8 23. Qd2 Qh4 24. Bd3 Bb7 25. c6 Bc8 26. Bb2 Bf5 27. Bxf5 gxf5 28. Bc3 f4 29. Qd3 Qg5 30. Bxa5 bxa5 31. Qf3 Rb4 32. Rfe1 Rxe1+ 33. Rxe1 Rxd4 34. Qc3 Qf6 35. Qxa5 f3 36. Qxc7 fxg2 37. Qxa7 Rxd5 38. Qa3 Rc5 39. Qg3+ Qg6 40. Qxg6+ Kxg6 41. Kxg2 1/2-1/2

[Event "Oberliga Ost-A 1920"]
[Site "Germany"]
[Date "2021.07.17"]
[Round "10.2"]
[White "Zaehringer, Daniel"]
[Black "Cerveny, Martin"]
[Result "1-0"]
[WhiteElo "2138"]
[BlackElo "2375"]
[PlyCount "49"]
[EventDate "2019.09.29"]
[EventType "team-tourn"]
[EventRounds "11"]
[EventCountry "GER"]
[SourceTitle "EXT 2023"]
[Source "ChessBase"]
[SourceDate "2022.10.05"]
[SourceVersion "1"]
[SourceVersionDate "2022.10.05"]
[SourceQuality "1"]
[WhiteTeam "Plauen Koenig"]
[BlackTeam "Aue Nickelhuette II"]
[WhiteTeamCountry "GER"]
[BlackTeamCountry "GER"]

1. d4 Nf6 2. Bg5 e6 3. e4 h6 4. Bxf6 Qxf6 5. c3 d6 6. Bd3 Nd7 7. Ne2 g5 8. 0-0 h5 9. f4 gxf4 10. Nxf4 Qg5 11. Na3 Be7 12. Qf3 h4 13. Rae1 Qg7 14. Nc4 Nb6 15. e5 Nxc4 16. Bxc4 d5 17. Bd3 Qh6 18. Nxd5 exd5 19. Qxf7+ Kd8 20. Qxd5+ Bd7 21. e6 Bd6 22. exd7 c6 23. Qf7 Kc7 24. d8Q+ Kxd8 25. Bf5 1-0

[Event "Olomouc op 22nd"]
[Site "Olomouc"]
[Date "2019.08.16"]
[Round "8"]
[White "Zaehringer, Daniel"]
[Black "Dharani Srinivas, KB."]
[Result "1-0"]
[WhiteElo "2176"]
[BlackElo "1690"]
[PlyCount "67"]
[EventDate "2019.08.10"]
[EventType "swiss"]
[EventRounds "9"]
[EventCountry "CZE"]
[SourceTitle "CBM 191 Extra"]
[Source "ChessBase"]
[SourceDate "2019.09.30"]
[SourceVersion "1"]
[SourceVersionDate "2019.09.30"]
[SourceQuality "1"]

1. d4 Nf6 2. Bg5 c5 3. Bxf6 gxf6 4. d5 Qb6 5. Qc1 Bg7 6. c4 f5 7. Nc3 d6 8. e3 Nd7 9. Qc2 Qa5 10. Nh3 Nb6 11. Bd3 Bd7 12. 0-0 Na4 13. Nxa4 Bxa4 14. Qe2 Bd7 15. a3 Qc7 16. Rab1 a5 17. Qh5 Qc8 18. Ng5 Rf8 19. Nh3 Rh8 20. Ng5 Rf8 21. h3 h6 22. Nf3 Rg8 23. Nh4 Bf6 24. f4 b5 25. Nxf5 Bxf5 26. Bxf5 Qb7 27. b3 b4 28. a4 Rg3 29. Kf2 Rg8 30. g4 Kf8 31. h4 Re8 32. g5 hxg5 33. fxg5 Be5 34. Ke2 1-0

[Event "Olomouc op 22nd"]
[Site "Olomouc"]
[Date "2019.08.11"]
[Round "2"]
[White "Tichy, Miroslav2"]
[Black "Zaehringer, Daniel"]
[Result "0-1"]
[WhiteElo "1990"]
[BlackElo "2176"]
[PlyCount "120"]
[EventDate "2019.08.10"]
[EventType "swiss"]
[EventRounds "9"]
[EventCountry "CZE"]
[SourceTitle "CBM 191 Extra"]
[Source "ChessBase"]
[SourceDate "2019.09.30"]
[SourceVersion "1"]
[SourceVersionDate "2019.09.30"]
[SourceQuality "1"]

1. c4 e6 2. g3 d5 3. Bg2 Nf6 4. Nf3 Be7 5. 0-0 0-0 6. b3 b6 7. Bb2 Bb7 8. d4 dxc4 9. bxc4 c5 10. e3 Nc6 11. Nc3 Na5 12. Qd3 Rc8 13. Nd2 Bxg2 14. Kxg2 cxd4 15. exd4 Qc7 16. Nb5 Qb7+ 17. f3 Rfd8 18. Rfd1 a6 19. Na3 Ng4 20. Rac1 Bg5 21. Re1 b5 22. cxb5 Rxc1 23. Bxc1 axb5 24. Nxb5 Ne3+ 25. Kf2 Nf5 26. a4 Bf6 27. Bb2 Qd5 28. Re4 h5 29. Qc3 Nc6 30. Nb3 g6 31. h4 Kg7 32. Kg2 Rc8 33. Nc1 Na7 34. Qd3 Nxb5 35. axb5 Rc4 36. b6 Rb4 37. Bc3 Rxb6 38. Ne2 Rb3 39. Qc2 Rb7 40. Nf4 Qc4 41. Qd2 Rb1 42. Ne2 Rb7 43. d5 Qxd5 44. Bxf6+ Kxf6 45. Qc3+ Ke7 46. Nf4 Qd6 47. Kh3 Rc7 48. Qb2 Qd1 49. Qa3+ Nd6 50. Re2 Qh1+ 51. Rh2 Qf1+ 52. Ng2 Qd1 53. Qe3 Kf8 54. Qe5 Kg8 55. Ne3 Qxf3 56. Qxd6 Rc3 57. Nd1 Qf1+ 58. Rg2 Qh1+ 59. Rh2 Qf1+ 60. Rg2 Rc2 0-1

[Event "BL2-Ost 1819"]
[Site "Germany"]
[Date "2019.02.23"]
[Round "7.6"]
[White "Lindgren, Philip"]
[Black "Zaehringer, Daniel"]
[Result "1-0"]
[WhiteElo "2379"]
[BlackElo "2165"]
[PlyCount "75"]
[EventDate "2018.11.10"]
[EventType "team-tourn"]
[EventRounds "10"]
[EventCountry "GER"]
[SourceTitle "CBM 190 Extra"]
[Source "ChessBase"]
[SourceDate "2019.07.15"]
[SourceVersion "1"]
[SourceVersionDate "2019.07.15"]
[SourceQuality "1"]
[WhiteTeam "Muenchen Bayern"]
[BlackTeam "Plauen Koenig"]
[WhiteTeamCountry "GER"]
[BlackTeamCountry "GER"]

1. d4 d5 2. c4 e6 3. Nf3 Nf6 4. g3 Be7 5. Bg2 0-0 6. 0-0 dxc4 7. Qc2 a6 8. a4 Bd7 9. Qxc4 Bc6 10. Bf4 a5 11. Nc3 Na6 12. Rfe1 Bb4 13. Bg5 Bd5 14. Qd3 Bxf3 15. Bxf3 c6 16. Rad1 h6 17. Bc1 Be7 18. e4 Nb4 19. Qe2 Re8 20. e5 Nfd5 21. h4 Nxc3 22. bxc3 Nd5 23. Bd2 Rb8 24. Be4 Bf8 25. Bd3 Qd7 26. Rb1 f5 27. exf6 Nxf6 28. Bg6 Re7 29. Bf4 Rd8 30. Be5 Nd5 31. Rec1 Ra8 32. c4 Nb4 33. Rb3 b5 34. axb5 cxb5 35. Bb1 Rc8 36. Qe4 g5 37. Qg6+ Rg7 38. Bxg7 1-0

[Event "GER-chT U20"]
[Site "Osnabrueck"]
[Date "2018.12.29"]
[Round "6.1"]
[White "Thomsen, Phil"]
[Black "Zaehringer, Daniel"]
[Result "1/2-1/2"]
[WhiteElo "2134"]
[BlackElo "2142"]
[PlyCount "40"]
[EventDate "2018.12.27"]
[EventType "team-swiss"]
[EventRounds "7"]
[EventCountry "GER"]
[SourceTitle "CBM 188 Extra"]
[Source "ChessBase"]
[SourceDate "2019.02.28"]
[SourceVersion "1"]
[SourceVersionDate "2019.02.28"]
[SourceQuality "1"]
[WhiteTeam "Bensheim"]
[BlackTeam "Plauen Koenig"]
[WhiteTeamCountry "GER"]
[BlackTeamCountry "GER"]

1. e4 e5 2. Nf3 Nf6 3. Nxe5 d6 4. Nf3 Nxe4 5. Nc3 Nxc3 6. dxc3 Be7 7. Be3 Nd7 8. Qd2 Nf6 9. 0-0-0 0-0 10. Bd3 c5 11. h4 Be6 12. Kb1 Qa5 13. c4 Qxd2 14. Rxd2 h6 15. Re2 d5 16. cxd5 Nxd5 17. Ne5 Nxe3 18. Rxe3 Bf6 19. g3 Rfd8 20. Rhe1 Rac8 1/2-1/2

[Event "GER-chT U20"]
[Site "Osnabrueck"]
[Date "2018.12.29"]
[Round "5.1"]
[White "Zaehringer, Daniel"]
[Black "Kololli, Martin"]
[Result "1/2-1/2"]
[WhiteElo "2142"]
[BlackElo "2343"]
[PlyCount "40"]
[EventDate "2018.12.27"]
[EventType "team-swiss"]
[EventRounds "7"]
[EventCountry "GER"]
[SourceTitle "CBM 188 Extra"]
[Source "ChessBase"]
[SourceDate "2019.02.28"]
[SourceVersion "1"]
[SourceVersionDate "2019.02.28"]
[SourceQuality "1"]
[WhiteTeam "Plauen Koenig"]
[BlackTeam "Luebeck"]
[WhiteTeamCountry "GER"]
[BlackTeamCountry "GER"]

1. Nf3 Nf6 2. c4 e6 3. g3 b6 4. Bg2 Bb7 5. 0-0 Be7 6. b3 0-0 7. Bb2 c5 8. e3 d5 9. Qe2 Nbd7 10. Nc3 Ne4 11. cxd5 exd5 12. d4 Bf6 13. Rfd1 Qe7 14. Rac1 Rfd8 15. dxc5 Ndxc5 16. Nd4 g6 17. Qg4 h5 18. Qf3 Ng5 19. Qe2 Nge4 20. Qf3 Ng5 1/2-1/2

[Event "GER-chT U20"]
[Site "Osnabrueck"]
[Date "2018.12.28"]
[Round "3.1"]
[White "Zaehringer, Daniel"]
[Black "Browning, Alex"]
[Result "1/2-1/2"]
[WhiteElo "2142"]
[BlackElo "2052"]
[PlyCount "41"]
[EventDate "2018.12.27"]
[EventType "team-swiss"]
[EventRounds "7"]
[EventCountry "GER"]
[SourceTitle "CBM 188 Extra"]
[Source "ChessBase"]
[SourceDate "2019.02.28"]
[SourceVersion "1"]
[SourceVersionDate "2019.02.28"]
[SourceQuality "1"]
[WhiteTeam "Plauen Koenig"]
[BlackTeam "Halver Schalksmuehle"]
[WhiteTeamCountry "GER"]
[BlackTeamCountry "GER"]

1. d4 Nf6 2. c4 g6 3. Nc3 Bg7 4. e4 0-0 5. Be3 d6 6. f3 Nc6 7. Qd2 a6 8. Nge2 Rb8 9. Rc1 Bd7 10. Nd1 b5 11. c5 e6 12. Nf2 Qe7 13. g3 Rfd8 14. Nd3 Be8 15. cxd6 cxd6 16. Bg2 Rdc8 17. 0-0 Qd8 18. Rc2 a5 19. Rfc1 Bd7 20. Bf1 a4 21. Nb4 1/2-1/2

[Event "Hradec Kralove op 9th"]
[Site "Hradec Kralove"]
[Date "2018.10.06"]
[Round "8"]
[White "Cerveny, Martin"]
[Black "Zaehringer, Daniel"]
[Result "1/2-1/2"]
[WhiteElo "2329"]
[BlackElo "2110"]
[PlyCount "79"]
[EventDate "2018.09.30"]
[EventType "swiss"]
[EventRounds "9"]
[EventCountry "CZE"]
[SourceTitle "CBM 186 Extra"]
[Source "ChessBase"]
[SourceDate "2018.08.24"]
[SourceVersion "1"]
[SourceVersionDate "2018.08.24"]
[SourceQuality "1"]

1. d4 d5 2. c4 e6 3. Nc3 c6 4. Nf3 Nf6 5. e3 Nbd7 6. Bd3 dxc4 7. Bxc4 b5 8. Bd3 Bd6 9. 0-0 0-0 10. Qc2 Bb7 11. Bd2 b4 12. Ne4 Nxe4 13. Bxe4 f5 14. Bd3 c5 15. Be2 Rc8 16. dxc5 Nxc5 17. Qd1 Ne4 18. g3 Rf6 19. Rc1 Rxc1 20. Qxc1 Rh6 21. Rd1 a5 22. Be1 Qf6 23. Qc4 g5 24. Qb5 Qe7 25. Ne5 g4 26. Qd7 Qxd7 27. Nxd7 Kf7 28. Nc5 Nxc5 29. Rxd6 Ke7 30. Rb6 Bd5 31. Rb5 Ne4 32. Rxa5 b3 33. axb3 Ng5 34. Bc3 Nh3+ 35. Kf1 Ng5 36. Ra7+ Kd6 37. Bb4+ Kc6 38. Bc4 Bf3 39. Kg1 Nh3+ 40. Kf1 1/2-1/2

[Event "Oberliga Ost-A 1718"]
[Site "Germany"]
[Date "2018.03.18"]
[Round "9.7"]
[White "Graf, Roland"]
[Black "Zaehringer, Daniel"]
[Result "1-0"]
[WhiteElo "2103"]
[BlackElo "2015"]
[PlyCount "57"]
[EventDate "2017.10.22"]
[EventType "team-tourn"]
[EventRounds "11"]
[EventCountry "GER"]
[SourceTitle "EXT 2019"]
[Source "ChessBase"]
[SourceDate "2018.10.10"]
[SourceVersion "1"]
[SourceVersionDate "2018.10.10"]
[SourceQuality "1"]
[WhiteTeam "Hoyerswerda"]
[BlackTeam "Plauen Koenig"]
[WhiteTeamCountry "GER"]
[BlackTeamCountry "GER"]

1. e4 e5 2. Nf3 Nf6 3. Nxe5 d6 4. Nf3 Nxe4 5. d4 d5 6. Bd3 Nc6 7. 0-0 Bg4 8. Re1 Be7 9. c3 f5 10. Nbd2 0-0 11. Qb3 Kh8 12. Qxb7 Rf6 13. Qb3 Rb8 14. Qc2 Bd6 15. h3 Bh5 16. b4 Re6 17. b5 Ne7 18. c4 Bb4 19. Rb1 Bxd2 20. Nxd2 dxc4 21. Qxc4 Bf7 22. Qc2 Nxf2 23. Kxf2 Qxd4+ 24. Kf1 Rxe1+ 25. Kxe1 Nd5 26. Nf3 Re8+ 27. Kf1 Qb6 28. Qf2 Qa5 29. Kg1 1-0